| 000 | 00979nam a2200217Ia 4500 | ||
|---|---|---|---|
| 003 | Ost | ||
| 005 | 20260507075255.0 | ||
| 008 | 260507s9999||||xx |||||||||||||| ||und|| | ||
| 020 | _a6069329957 | ||
| 040 | _cfsecg | ||
| 041 | _aara | ||
| 082 | _a330 | ||
| 100 |
_aنصير، محمد طاهر _eمؤلف |
||
| 245 | 0 |
_aالتسويق الالكتروني / _c محمد طاهر نصير |
|
| 260 |
_aعمان: _bدار الحامد, _c2005 |
||
| 300 |
_a400 صفحة؛ _c25 سم |
||
| 520 | _aالمفهوم العام للتسويق الالكتروني ،التسويق الالكتروني الاستراتيجي مع الخطة و التكنلوجيا المتبعة،المعرفة التسويقية و تجزئة السوق،مع االتطرق الى المنتج ، السعر، التوزيع مع الاتصال واالترويج عبر الانترنيت. | ||
| 653 | _aالتسويق | ||
| 653 | _aالتسويق الالكتروني. | ||
| 942 | _cكتاب | ||
| 999 |
_c43736 _d43736 |
||